Statistics for Survivor 43 Cast

Click here to take the quiz!

General Stats

  • This quiz has been taken 24 times
  • The average score is 14 of 18

Answer Stats

HintAnswer% Correct
CocoCassidy
96%
VesiJesse
96%
BakaMike
96%
VesiCody
91%
BakaOwen
87%
CocoKarla
83%
CocoJames
78%
VesiNoelle
78%
CocoRyan
78%
BakaSami
78%
BakaJeanine
74%
VesiNneka
74%
BakaElie
70%
CocoGeo
70%
BakaMorriah
70%
VesiDwight
65%
VesiJustine
61%
CocoLindsay
57%

Score Distribution

Percentile by Number Answered

Percent of People with Each Score

Your Score History

You have not taken this quiz